Complex variables and the Laplace transform for engineers (Record no. 13856)

000 -LEADER
fixed length control field 00606nam a22002051 4500
001 - CONTROL NUMBER
control field 13856
003 - CONTROL NUMBER IDENTIFIER
control field BD-DhUET
008 - FIXED-LENGTH DATA ELEMENTS--GENERAL INFORMATION
fixed length control field 840622s1961 nyua b 000 0 eng
040 ## - CATALOGING SOURCE
Original cataloging agency DLC
Transcribing agency DLC
Modifying agency BD-DhUET
082 00 - DEWEY DECIMAL CLASSIFICATION NUMBER
Classification number 517.862
Item number LEP/1961
100 ## - MAIN ENTRY--PERSONAL NAME
Personal name LePage, Wilbur R.
245 10 - TITLE STATEMENT
Title Complex variables and the Laplace transform for engineers
250 ## - EDITION STATEMENT
Edition statement 1st ed.
260 ## - PUBLICATION, DISTRIBUTION, ETC. (IMPRINT)
Place of publication, distribution, etc. Bombay
Name of publisher, distributor, etc. McGraw-Hill
Date of publication, distribution, etc. 1961
300 ## - PHYSICAL DESCRIPTION
Extent xvi, 475 p.
Other physical details ill.
Dimensions 24 cm.
490 ## - SERIES STATEMENT
Series statement International series in pure and applied mathematics
504 ## - BIBLIOGRAPHY, ETC. NOTE
Bibliography, etc Includes bibliographies
650 #0 - SUBJECT ADDED ENTRY--TOPICAL TERM
Topical term or geographic name as entry element Calculus - Complex variables
942 ## - ADDED ENTRY ELEMENTS (KOHA)
Koha item type General Book
Holdings
Piece designation (barcode) Withdrawn status Not for loan Koha normalized classification for sorting Sublocation or collection (holding branch) Source of classification or shelving scheme Shelving location Date acquired Damaged status Koha full call number Price effective from Lost status Copy number Koha date last seen Koha item type Location (home branch)
40116  517_862000000000000_LEP_1961Central Library, BUET Circulation section2015-03-05 517.862/LEP/19612015-03-05 12015-03-05General BookCentral Library, BUET
24385  517_862000000000000_LEP_1961Central Library, BUET Circulation section2015-03-05 517.862/LEP/19612015-03-05 22015-03-05General BookCentral Library, BUET
6374  517_862000000000000_LEP_1961Central Library, BUET Circulation section2015-03-07 517.862/LEP/19612015-03-07 32015-03-07General BookCentral Library, BUET
51027  517_862000000000000_LEP_1961Central Library, BUET Circulation section2015-03-07 517.862/LEP/19612015-03-07 42015-03-07General BookCentral Library, BUET
20963  517_862000000000000_LEP_1961Central Library, BUET Circulation section2015-03-07 517.862/LEP/19612015-03-07 52015-03-07General BookCentral Library, BUET
42659  517_862000000000000_LEP_1961Central Library, BUET Circulation section2015-03-07 517.862/LEP/19612015-03-07 62015-03-07General BookCentral Library, BUET
40115  517_862000000000000_LEP_1961Central Library, BUET Circulation section2015-03-07 517.862/LEP/19612015-03-07 72015-03-07General BookCentral Library, BUET
39671  517_862000000000000_LEP_1961Central Library, BUET Circulation section2015-03-07 517.862/LEP/19612015-03-07 82015-03-07General BookCentral Library, BUET
39670  517_862000000000000_LEP_1961Central Library, BUET Circulation section2015-03-07 517.862/LEP/19612015-03-07 92015-03-07General BookCentral Library, BUET
42660  517_862000000000000_LEP_1961Central Library, BUET Circulation section2015-03-07 517.862/LEP/19612015-03-07 102015-03-07General BookCentral Library, BUET
42661  517_862000000000000_LEP_1961Central Library, BUET Circulation section2015-03-09 517.862/LEP/19612015-03-09 112015-03-09General BookCentral Library, BUET
51026  517_862000000000000_LEP_1961Central Library, BUET Circulation section2015-03-09 517.862/LEP/19612015-03-09 122015-03-09General BookCentral Library, BUET
2039  517_862000000000000_LEP_1961Central Library, BUET Circulation section2015-05-03 517.862/LEP/19612015-05-03 132015-05-03General BookCentral Library, BUET
6375  517_862000000000000_LEP_1961Central Library, BUET Circulation section2015-05-03 517.862/LEP/19612015-05-03 142015-05-03General BookCentral Library, BUET
2041  517_862000000000000_LEP_1961Central Library, BUET Circulation section2015-05-03 517.862/LEP/19612015-05-03 152015-05-03General BookCentral Library, BUET
2040  517_862000000000000_LEP_1961Central Library, BUET Circulation section2015-05-03 517.862/LEP/19612015-05-03 162015-05-03General BookCentral Library, BUET